000 004970000a22001090004500
773 0 _tTeartimes
245 1 0 _aAn everyday miracle
300 _a(win., 2008),p.8-12
520 _aMedicamentos ARV ofrecen una nueva alternativa de vida de vida para personas con VIH. Pero en Mozambique solo una de cuatro personas con VIH tiene acceso a ellos.. Voluntarios de la iglesia Kubatsirana sirven para ayudar a que las personas mueran con dignidad. Ahora les ayudan a vivir.
650 1 4 _aSIDA
942 _cANA
999 _c63100
_d63100